000 00501nam a2200205 a 4500
001 BRCA_4078
005 20190320204534.0
008 160210s1962----nyu#######---#000-0#eng-#
041 _aeng
044 _anyu
050 4 _aPZ4
_b.F67 1962
100 1 _aForsyte, Charles.
_910563
245 1 0 _aDive into Danger
_cCharles Forsyte.
260 _aNueva York
_bW. Morrow
_c1962
300 _a223 p.
_c21 cm.
500 _aCEF48
650 1 4 _aNovelas policĂ­acas
_9877
902 _aGFM
942 _2lcc
_cB
999 _c3800
_d3800